| 000 | 01008cab a2200253 4500 | ||
|---|---|---|---|
| 001 | WB3427-27 | ||
| 008 | 090401t1998 xxu||||| |||| 00| 0 eng d | ||
| 035 | _a(Sirsi) u87434 | ||
| 041 | _aeng | ||
| 245 | _aNegligence | ||
| 260 | _c1998 | ||
| 350 | _a0 | ||
| 490 |
_aEstates Gazette Case Summaries _v1998 EGCS 109 (11/7/98) |
||
| 520 | _a"Carter (t/a New Chapel Developments) v TG Baynes & Son" ChD 26 June 1998. Defendant solicitor failed to notice covenant restricting development leading to sales of the properties built on the land being paralysed for five years. Damages of £218,373 awarded holding the defendant liable for all foreseeable losses dismissing claim for want of causation. | ||
| 650 | _aCARTER (T/A NEW CHAPEL DEVELOPMENTS) V TG BAYNES & SONS | ||
| 650 | _aDAMAGES | ||
| 650 | _aFORESEEABLE LOSSES | ||
| 650 | _aNEGLIGENCE | ||
| 650 | _aRESTRICTIVE COVENANTS | ||
| 650 | _aSOLICITORS | ||
| 690 | _aPROFESSIONAL PRACTICE - CASE LAW | ||
| 942 | _n0 | ||
| 948 | _c16/07/1998 | ||
| 999 |
_c55142 _d55142 |
||